Statistics for Oakland Athletics: All-Star Selections

Click here to take the quiz!

General Stats

  • This quiz has been taken 227 times
    (156 since last reset)
  • The average score is 21 of 101

Answer Stats

PositionAmount of SelectionsPlayer% Correct
CF1Dave Henderson
82%
LF4Rickey Henderson
82%
1B9Mark McGwire
78%
RF6Reggie Jackson
77%
P6Catfish Hunter
73%
1B2Jason Giambi
73%
OF5José Canseco
70%
P4Rollie Fingers
63%
P4Dennis Eckersley
62%
P3Barry Zito
58%
1B1Matt Olson
55%
P1Dave Stewart
53%
1B3Jimmie Foxx
53%
P3Vida Blue
53%
3B1Josh Donaldson
52%
SS1Miguel Tejada
52%
3B1Matt Chapman
50%
P1Bob Welch
47%
P2Mark Mulder
47%
CF1Sam Chapman
47%
P2Tim Hudson
45%
C3Terry Steinbach
43%
LF5Bob Johnson
42%
3B1Carney Lansford
38%
3B4Sal Bando
38%
SS1Bert Campaneris
35%
LF3Joe Rudi
32%
C1Derek Norris
30%
P1Mike Norris
28%
C1Gene Tenace
27%
P1Lefty Grove
27%
P1Paul Blackburn
27%
LF1Yoenis Céspedes
25%
P2Ken Holtzman
23%
C1Ramón Hernández
22%
P2Blue Moon Odom
20%
P1Gio González
20%
DH1Harold Baines
18%
P1Mike Moore
18%
OF1Tony Armas
17%
P1Jason Isringhausen
13%
2B1Jed Lowrie
13%
P1Sonny Gray
13%
C2Stephen Vogt
13%
P1Dan Haren
12%
P1Bartolo Colon
10%
OF1Claudell Washington
10%
C1Dave Duncan
10%
CF1Rick Monday
10%
RF2Roger Maris
10%
RF1Rubén Sierra
10%
OF1Brandon Moss
8%
LF1Gus Zernial
8%
P1Matt Keough
8%
P2Andrew Bailey
7%
P1Chris Bassitt
7%
1B1Eddie Robinson
7%
P1Grant Balfour
7%
P2Jay Howell
7%
C1Jeff Newman
7%
1B1John Jaha
7%
P1Scott Kazmir
7%
P1Sean Doolittle
7%
OF1Ben Grieve
5%
P1Bill Caudill
5%
P1Blake Treinen
5%
P2Bobby Shantz
5%
LF1Bob Cerv
5%
C4Frankie Hayes
5%
P1Keith Foulke
5%
P1Liam Hendriks
5%
1B2Vic Power
5%
3B1Wayne Gross
5%
P1Bobo Newsom
3%
SS3Dick Howser
3%
C1Hal Wagner
3%
P1Joe Coleman
3%
1B4Norm Siebern
3%
P1Ryan Cook
3%
P1Steve Ontiveros
3%
P1Trevor Cahill
3%
1B1Yonder Alonso
3%
P1Alex Kellner
2%
P6Bud Daley
2%
C3Buddy Rosar
2%
CF1Doc Cramer
2%
SS2Eddie Joost
2%
1B3Ferris Fain
2%
RF1Harry Simpson
2%
3B2Jim Finigan
2%
SS1Joe DeMaestri
2%
P1John O'Donoghue
2%
P1John Wyatt
2%
P2Justin Duchscherer
2%
P1Lou Brissie
2%
2B1Phil Garner
2%
3B2Pinky Higgins
2%
RF1Rocky Colavito
2%
P1Russ Christopher
2%
RF1Wally Moses
2%
1B1Dick Siebert
0%

Score Distribution

Percentile by Number Answered

Percent of People with Each Score

Your Score History

You have not taken this quiz since the last reset